<?xml version="1.0" encoding="UTF-8"?>
<marc:record xmlns:marc="http://www.loc.gov/MARC21/slim">
   <marc:leader>00000nam a2200000 a 4500</marc:leader>
   <marc:datafield ind1="1" ind2=" " tag="100">
      <marc:subfield code="a">Weiher, Erhard</marc:subfield>
      <marc:subfield code="4">aut</marc:subfield>
      <marc:subfield code="e">Verfasser/-in</marc:subfield>
   </marc:datafield>
   <marc:datafield ind1=" " ind2=" " tag="653">
      <marc:subfield code="a">Helfer</marc:subfield>
   </marc:datafield>
   <marc:datafield ind1=" " ind2=" " tag="653">
      <marc:subfield code="a">Begleitung</marc:subfield>
   </marc:datafield>
   <marc:datafield ind1=" " ind2=" " tag="653">
      <marc:subfield code="a">Leid</marc:subfield>
   </marc:datafield>
   <marc:datafield ind1=" " ind2=" " tag="653">
      <marc:subfield code="a">Religiöse Erfahrung</marc:subfield>
   </marc:datafield>
   <marc:datafield ind1=" " ind2=" " tag="653">
      <marc:subfield code="a">Sterbebegleitung</marc:subfield>
   </marc:datafield>
   <marc:datafield ind1=" " ind2=" " tag="653">
      <marc:subfield code="a">Spiritualität</marc:subfield>
   </marc:datafield>
   <marc:datafield ind1=" " ind2=" " tag="653">
      <marc:subfield code="a">Trauer</marc:subfield>
   </marc:datafield>
   <marc:datafield ind1="0" ind2="0" tag="245">
      <marc:subfield code="a">Das Geheimnis des Lebens berühren</marc:subfield>
   </marc:datafield>
   <marc:datafield ind1="0" ind2="0" tag="245">
      <marc:subfield code="b">Spiritualität bei Krankheit, Sterben, Tod ; eine Grammatik für Helfende</marc:subfield>
   </marc:datafield>
   <marc:datafield ind1="0" ind2="0" tag="245">
      <marc:subfield code="c">Erhard Weiher</marc:subfield>
   </marc:datafield>
   <marc:datafield ind1=" " ind2="1" tag="264">
      <marc:subfield code="a">Stuttgart</marc:subfield>
      <marc:subfield code="b">Kohlhammer</marc:subfield>
      <marc:subfield code="c">2009</marc:subfield>
   </marc:datafield>
   <marc:datafield ind1=" " ind2=" " tag="250">
      <marc:subfield code="a">2., durchges. und erg. Aufl.</marc:subfield>
   </marc:datafield>
   <marc:datafield ind1="1" ind2=" " tag="520">
      <marc:subfield code="a">Angaben aus der Verlagsmeldung

Das Geheimnis des Lebens berühren - Spiritualität bei Krankheit, Sterben, Tod : Eine Grammatik für Helfende / von Erhard Weiher

Wer in helfenden Berufen arbeitet, wer ehrenamtlich kranke Menschen begleitet, trifft auch auf die Spiritualität von Patienten und Angehörigen - ob in nichtreligiöser oder in religiöser Form: Die konkrete Not sucht Sprache und "Sinn". Hier sind alle Begleiter - Pflegende, Ärzte, Sozialarbeiter, Psychologen usw. - gefragt. Palliativ-Konzepte z. B. fordern ausdrücklich, dass Helfer und Helferinnen, Begleiterinnen und Begleiter mit der Spiritualität ihrer Klienten und Patienten kundig umgehen und sie bei ihrer Sinnsuche unterstützen können. Allerdings fühlen sich viele Fachkräfte und Begleiter nicht ausreichend auf diese Unterstützungsarbeit vorbereitet. Für sie bietet diese "Grammatik für Helfende" eine Verstehens- und Übersetzungshilfe. Weiher greift die spirituell relevanten Begegnungsmuster und Themen auf, reflektiert sie auf dem Hintergrund der Humanwissenschaften und befragt auch kulturelle und religiöse Traditionen. Auf der Basis langjähriger praktischer Erfahrung zeigt er an vielen Modellen und Beispielen auf, wie die Kompetenz in spiritueller Begleitung vertieft werden kann und wie Helfende konkret kommunizieren und handeln können.
</marc:subfield>
   </marc:datafield>
   <marc:datafield ind1=" " ind2=" " tag="020">
      <marc:subfield code="a">9783170210844</marc:subfield>
      <marc:subfield code="9">9783170210844</marc:subfield>
   </marc:datafield>
   <marc:datafield ind1=" " ind2=" " tag="041">
      <marc:subfield code="a">ger</marc:subfield>
   </marc:datafield>
   <marc:datafield ind1=" " ind2=" " tag="300">
      <marc:subfield code="a">357 S.</marc:subfield>
   </marc:datafield>
</marc:record>
